Central Library OPAC University of Rajshahi

The power to love / (Record no. 35115)

MARC details
000 -LEADER
fixed length control field 00701nam a22002532 4500
001 - CONTROL NUMBER
control field 35115
003 - CONTROL NUMBER IDENTIFIER
rucl marc code BD-RJUL
005 - DATE AND TIME OF LATEST TRANSACTION
control field 20211209052249.0
008 - FIXED-LENGTH DATA ELEMENTS--GENERAL INFORMATION
fixed length control field 140521t1959 ii 001 0 eng d
035 ## - SYSTEM CONTROL NUMBER
System control number (BD-RJUL)35209
040 ## - CATALOGING SOURCE
Original cataloging agency DLC
Transcribing agency DLC
Modifying agency UKM
-- EQO
-- BD-RJUL
Language of cataloging eng
041 ## - LANGUAGE CODE
Language code of text/sound track or separate title eng
082 04 - DEWEY DECIMAL CLASSIFICATION NUMBER
Classification number 306.7
Author mark and year HIP 1959
100 1# - MAIN ENTRY--PERSONAL NAME
Personal name Hirsch, Edwin Walter,
Dates associated with a name 1892-
9 (RLIN) 106918
245 14 - TITLE STATEMENT
Title The power to love /
Statement of responsibility, etc. [by] Edwin W. Hirsch.
260 ## - PUBLICATION, DISTRIBUTION, ETC. (IMPRINT)
Place of publication, distribution, etc. Mobbay :
Name of publisher, distributor, etc. D.B. Traporevala sons & son.,
Date of publication, distribution, etc. 1959
300 ## - PHYSICAL DESCRIPTION
Pagination xix, 298 p. ;
Size 23 cm.
504 ## - BIBLIOGRAPHY, ETC. NOTE
Bibliography, etc includes index.
650 #0 - SUBJECT ADDED ENTRY--TOPICAL TERM
Topical term or geographic name as entry element Sex.
9 (RLIN) 106919
Topical term or geographic name as entry element Sex (Psychology)
9 (RLIN) 106920
942 ## - ADDED ENTRY ELEMENTS (KOHA)
Source of classification or shelving scheme Dewey Decimal Classification
Koha item type Books
Holdings
Lost status Source of classification or shelving scheme Damaged status Not for loan Collection code Permanent Location Current Location Shelving location Date acquired Source of acquisition Cost, normal purchase price Total Checkouts Full call number Date last seen Copy number Koha item type
  Dewey Decimal Classification   Not For Loan Non-fiction Central Library, University of Rajshahi Central Library, University of Rajshahi Reading Room 08/02/1979 India Int., Calcata 12.50   306.7 HIP 1959 21/05/2014 C-1 Books